LDR 00878naa#a2200193#i#450# 001 RU\\bibl\120427 005 20260418021842.6 011 ## _a2782-4586 100 ## _a20260331b2026####ek#y0rusy0150####ca 102 ## _aRU 200 1# _aБухгалтерский учет доходов и расходов в условиях применения упрощенной системы налогообложения _eЖурнальная статья 210 1# _aМосква _cУниверситет ИТБО _d2026 215 ## _a4 с. 608 ## _aЖурнальная статья _2local 675 ## _aНалоги. Платежи. Отчисления. Сборы. 336.2 _z 700 #1 _aШарапова _gВалентина Михайловна 700 #1 _aШарапов _gЮрий Владимирович 700 #1 _aКалетина _gЕкатерина Юрьевна 856 4# _ajomeam.ru _u